Catálogo
 En Linea

Iniciación a la Astronomía : (Registro nro. 40155)

Detalles MARC
000 -CABECERA
campo de control de longitud fija 00675nam a2200193 a 4500
001 - NÚMERO DE CONTROL
campo de control 000040665
005 - FECHA Y HORA DE LA ÚLTIMA TRANSACCIÓN
campo de control 20201002034305.0
008 - DATOS DE LONGITUD FIJA--INFORMACIÓN GENERAL
campo de control de longitud fija 130905s2008 sp a 001 0 spa d
020 ## - NÚMERO INTERNACIONAL ESTÁNDAR DEL LIBRO
Número Internacional Estándar del Libro 9788428208062
040 ## - FUENTE DE LA CATALOGACIÓN
Centro catalogador/agencia de origen DO-SdBNP
Lengua de catalogación spa
Centro/agencia transcriptor BNPHU
082 ## - NÚMERO DE LA CLASIFICACIÓN DECIMAL DEWEY
Número de clasificación xxx
Número de documento/Ítem xxx
100 1# - ENTRADA PRINCIPAL--NOMBRE DE PERSONA
Nombre de persona Lacroux, Jean
9 (RLIN) 67030
245 10 - MENCIÓN DE TÍTULO
Título Iniciación a la Astronomía :
Resto del título Un viaje hasta los confines del Universo conocido. /
Mención de responsabilidad, etc. Jean Lacroux; ilustraciones Vincent Chaix; traducción Rosa M. Ferrer.
260 ## - PUBLICACIÓN, DISTRIBUCIÓN, ETC.
Lugar de publicación, distribución, etc. Barcelona, :
Nombre del editor, distribuidor, etc. Omega,
Fecha de publicación, distribución, etc. 2008.
300 ## - DESCRIPCIÓN FÍSICA
Extensión 196 p. :
Otras características físicas il. ;
Dimensiones 19 cm.
504 ## - NOTA DE BIBLIOGRAFÍA, ETC.
Nota de bibliografía, etc. Bibliografía p: 189-192
700 1# - PUNTO DE ACCESO ADICIONAL--NOMBRE DE PERSONA
Nombre de persona Chaix, Vincent
Término indicativo de función/relación il.
9 (RLIN) 67031
700 1# - PUNTO DE ACCESO ADICIONAL--NOMBRE DE PERSONA
Nombre de persona Ferrer, Rosa M.
Término indicativo de función/relación trad.
9 (RLIN) 67032
Existencias
Estado de retiro Estado de pérdida Restricciones de uso No para préstamo Código de colección Localización permanente Ubicación/localización actual Ubicación en estantería Fecha de adquisición Número de inventario Total de préstamos Signatura topográfica completa Código de barras Fecha visto por última vez Precio válido a partir de Tipo de ítem Koha
      Excluido de préstamo Monografías: Libros y Folletos General General En catalogación 05.09.2013 LF1   xxx xxx 40665-10 25.06.2020 25.06.2020 No se presta

Con tecnología Koha